| 000 | 00000nam##2200000za#4500 |
| 001 | 9.631402 |
| 003 | CaOODSP |
| 005 | 20210624214319 |
| 007 | cr ||||||||||| |
| 008 | 150407|2004||||xxc|||||o f|0| 0 fre|d |
| 020 | |a0-662-76448-X |
| 040 | |aCaOODSP|bfre |
| 043 | |an-cn--- |
| 086 | 1 |aTU4-12/2004F-PDF |
| 110 | 2 |aBureau de la sécurité des transports du Canada. |
| 245 | 10|aRapport d'enquête aéronautique A02O0272 Risque de collision - Tour de contrôle de l'aéroport international de Toronto / Lester B. Pearson exploitée par NAV CANADA Toronto (Ontario), le 25 août 2002 |h[ressource électronique] |
| 260 | |aOttawa - Ontario : |bBureau de la sécurité des transports du Canada |cc2004. |
| 300 | |a31p.|bglossaire, ill., références, tableaux |
| 500 | |aLe n° de catalogue (TU4-12/2004F) et l’ISBN (0-662-76447-1) de l'édition imprimée ont été incorrectement copiés dans l’édition PDF. |
| 590 | |a10-05-Supp|b2010-07-20 |
| 691 | 07|aSécurité aérienne|2gcpds |
| 775 | 08|tAviation Investigation Report A02O0272 NAV CANADA Toronto Airport Control Tower, Toronto/Lester B. Pearson International Airport, Toronto, Ontario, 25 August 2002 |w(CaOODSP)9.686938 |
| 856 | 40|ahttp://publications.gc.ca|qPDF|s115 Ko|uhttps://publications.gc.ca/collections/collection_2009/bst-tsb/TU4-12-2004F.pdf |